| 000 | 00780nam a2200241 i 4500 | ||
|---|---|---|---|
| 001 | 50759 | ||
| 003 | ES-MaACL | ||
| 005 | 20260525062927.0 | ||
| 007 | t| | ||
| 008 | 030806s1957 sp |||| |bspa d | ||
| 080 | _a929:53 Curie, Marie | ||
| 100 | 1 |
_aCurie, Ève, _d1904-2007 _9162944 |
|
| 245 | 1 | 3 |
_aLa vida heroica de Marie Curie, descubridora del radium / _ccontada por su hija Eva Curie ; [traducción de F. Madrid]. |
| 250 | _a23ª ed. | ||
| 260 |
_aMadrid : _bEspasa-Calpe, _c1957. |
||
| 300 |
_a302 p. ; _c18 cm. |
||
| 490 | 1 |
_aColección austral ; _v451 |
|
| 600 | 1 | 4 |
_aCurie, Marie, _d1867-1934 _9242639 |
| 700 | 1 |
_aMadrid, Francisco, _d1900-1952 _9175097 |
|
| 830 | 0 |
_aColección austral _v451 _9177655 |
|
| 852 |
_aES-MaACL _jC-14781 |
||
| 999 |
_c50759 _d50759 |
||